Tiere mit "J" aufzählen - Statistiken

Allgemein
  • Dieses Quiz wurde 216 mal gespielt
  • Das Durchschnittsergebnis liegt bei 3 aus 12
Antwortstatistiken
Tier mit J % Korrekt
Jaguar
100%
Jagdhund
45%
Jak
38%
Jack Russell Terrier
18%
Japanmakak
17%
Junikäfer
13%
Jagdspinne
11%
Jakobsmuschel
10%
Java - Nashorn
10%
Japanische Riesenkrabbe
7%
Jungfernkranich
6%
Jaguarundi
2%
Keine übereinstimmenden Quizze gefunden
Verteilung der Resultate
Anzahl Personen mit jedem Resultat
Perzentil nach korrekt beantworteten Fragen
Ihre Resultats-Entwicklung
Sie haben dieses Quiz noch nicht gespielt